000 00669cam a2200241ua 4500
001 9611
008 160309n ii |||gr||||Z||||||eng
020 _a9780195660401
040 _cMAIN
041 _aeng
082 _a808.8
100 _aMisra, Udayon,
_eEditor.
245 1 _aTwentieth century prose
_ced. by Udayon Misra
250 _a9th imp.
260 _aNew Delhi:
_bOxford universioty press,
_c2011.
300 _a234p.
653 _aRhetoric & collections of literature
653 _aEnglish second semester
700 _aGoswami, Atul,
_eEditor.,
700 _aMahanta, Aparna Dutta,
_eEditor.,
700 _aGoswami, Prafulla,
_eEditor.
942 _cBK
999 _c8640
_d8640